| 000 | 00352nam a22001457a 4500 | ||
|---|---|---|---|
| 020 | _a8187433922 | ||
| 082 |
_a624.183412 _bRAM/PR |
||
| 100 |
_aRamamrutham,S _9572 |
||
| 100 |
_aNarayan,R _9507 |
||
| 245 | _aPrestressed Concrete | ||
| 250 | _a5th | ||
| 260 |
_aNew Delhi _bDhanpat arai Publishing Company (P) Ltd _c2009 |
||
| 300 | _a266 | ||
| 942 | _cBK | ||
| 999 |
_c14366 _d14366 |
||